| 000 | | | 04205nmc2a2200000 x 450 |
| 001 | | | 0349da0a-3c82-4867-8c9b-7dc59f247392 |
| 005 | | | 20170414123444.0 |
| 100 | ## | $a | 20140513l18361836k l0rusy0189 ca |
| 101 | 0# | $a | rus |
| 102 | ## | $a | RU |
| 200 | 1# | $a | Дело об установлении порядка присвоения ученых степеней в Дерптском университете лицам, окончившим Варшавский университет |
| | $j | 14-30 июня 1836 г. |
| 251 | ## | $c | Дело |
| 300 | ## | $a | Дело |
| 300 | ## | $a | Ориг. заголовок дела: Дело по представлению Дерптского попечителя относительно экзамена на ученые степени польских уроженцев. 14 июня 1836 г. - 30 июня 1836 г |
| 801 | #0 | $a | RU |
| | $b | РГИА |
| | $c | 20140513 |
| | $g | RCR |
| 801 | #1 | $a | RU |
| | $b | ГлавНИВЦ |
| | $c | 20140513 |
| | $2 | rusmarc |
| 801 | #2 | $a | RU |
| | $b | ПБ им. Б.Н. Ельцина |
| | $c | 20170414 |
| | $g | RCR |
| | $2 | rusmarc |
| 850 | ## | $a | РГИА |
| 852 | ## | $a | РГИА |
| | $e | Федеральное казенное учреждение "Российский государственный исторический архив" (РГИА) |
| | $j | 638 |
| 937 | ## | $h | РГИА |
| | $d | 11175773 |
| | $a | ASBIBLIO_SCAN |
| 462 | #0 | $1 | 0015faafd89-1df2-4e8f-a0ba-1d8a620713c6 |
| | $1 | 2001 |
| | $a | Дела Департамента народного просвещения по Дерптскому учебному округу за 1802-1836 гг. |
| | $1 | 251 |
| | $c | Опись |
| | $1 | 852 |
| | $j | 56 |
| 461 | #0 | $1 | 001a74412a3-3cc5-4d21-8f0a-dfe2fbd9e72d |
| | $1 | 2001 |
| | $a | Департамент народного просвещения Министерства народного просвещения (1803-1917) |
| | $1 | 251 |
| | $c | Фонд |
| | $1 | 852 |
| | $j | 733 |
| 215 | ## | $a | 10 л. |
| | $d | 36,5х26 см |
| 371 | ## | $a | Документ не является опубликованным и широко распространяемым |
| 105 | ## | $a | y### |
| 122 | 2# | $a | d |
| 517 | 1# | $a | Дело по представлению Дерптского попечителя относительно экзамена на ученые степени польских уроженцев. 14 июня 1836 г. - 30 июня 1836 г. |
| 035 | ## | $a | 0349da0a-3c82-4867-8c9b-7dc59f247392 |
| 856 | ## | $u | http://readingroom.main.prlib.ru/item.aspx?id_node=n96959244&mode=full |